MDQL
is popping MORE tags! Check the
thread
!
Quizzes
Events
Quiz Creation
Community
Videos
Private Events
Remove Ads
Sign In
Join for FREE
Feedback
Dark Mode
Quiz Categories
Sports
Geography
Music
Movies
Television
Just For Fun
Miscellaneous
History
Literature
Language
Science
Gaming
Entertainment
Religion
Holiday
For Kids
Quiz Lab
Recent
Popular Today
Quiz Kudos Today
Editor Picks
Curator Picks
Quizzes by...
Day
Popularity
Type
Ratings
Length
Year
Community
Subscriptions
Recent Discussions
Orange Saloon
Badges
Playlists
Quests
Create
Leaderboards
Showdown
Live 5
Trivia Bingo
Activity
Puzzle Library
Sporcle Events
Private Events
Virtual Trivia
Globe League
Become a Host
Pub Owners
SporcleCon
Opinionation
Our Games
Videos
Blog
Mobile Apps
Partnerships
Remove Ads and Go Orange
Feedback
Gaming
Video Games
Board Games
Card Games
Pokémon
Mario
Nintendo
Minecraft
Console
Toys
Legend of Zelda
Gaming
Video Games
Board Games
Card Games
Pokémon
Mario
Nintendo
Minecraft
Console
Toys
Legend of Zelda
Random Quiz
Search Sporcle
×
Quiz Lab
Quiz Lab
Gaming
Nation
Type in answers that appear in a list
Type in answers that appear in a list
Classic
Best Score? Go Orange.
NationStates Nation Types Stats
Can you name the NationStates nation types?
By
gettysburg11
5m
27 Questions
69 Plays
69 Plays
69 Plays
Comments
Comments
Give Quiz Kudos
Give Quiz Kudos
-
- Ratings
hide this ad
Replay
Link that replays current quiz
Next Quiz
Link to next quiz in quiz playlist
You Got
0%
They Got
Avg Score
50%
Avg Friend Score
Upgrade to see
Score Distribution
Jump to the score distribution portion of the page
Score
0/27
Timer
05:00
0
Plays Today
% Correct
Anarchy
84.1%
New York Times Democracy
78.3%
Inoffensive Centrist Democracy
72.5%
Father Knows Best State
71%
Psychotic Dictatorship
69.6%
Democratic Socialists
65.2%
Capitalizt
60.9%
Civil Rights Lovefest
58%
Corporate Police State
58%
Left-Wing Utopia
56.5%
Iron Fist Consumerists
55.1%
Scandinavian Liberal Paradise
53.6%
Corporate Bordello
52.2%
Right-Wing Utopia
52.2%
% Correct
Capitalist Paradise
50.7%
Left-Leaning College State
50.7%
Corrupt Dictatorship
49.3%
Liberal Democratic Socialists
49.3%
Moralistic Democracy
44.9%
Tyranny By Majority
37.7%
Authoritarian Democracy
34.8%
Benevolent Dictatorship
34.8%
Compulsory Consumerist State
33.3%
Iron Fist Socialists
33.3%
Libertarian Police State
29%
Conservative Democracy
20.3%
Free Market Paradise
15.9%
Quiz Playlist
Details
Report
Send in Message
Add To Playlist
Classic:
Type in answers that appear in a list
Quiz Source
Last Updated: Feb 16, 2017
Quiz Scoreboard
CHALLENGE
Sign Up to Join the Scoreboard
Show All
Scores
Hide
Comments
May contain spoilers
Recently Published
1-10 Letter E Words III
by El_Dandy
Language
2m
Street Fighter Characters
by Artimus82
Gaming
60s
College Basketball Coaching Resumes
by pancakes188
Sports
9m
More to Explore
Quiz From the Vault
Featured Blog Post
Where Did the Easter Bunny Come From?
hide this ad
You Might Also Like...
Tags
Nation Quiz
nation-state
Today's Top Quizzes in Gaming
Browse Gaming
hide this ad
Today's Top Quizzes in Nation
Browse Nation
Top Contributed Quizzes in Gaming
1
5-to-1: Consoles
2
7-to-1: Board Game Piece Blitz
3
5-to-1: Legend of Zelda
4
League of Legends Pro Players by Career/Team History
5
Destiny 2 exotic weapons by perk icons
6
Ultimate Genshin Impact Logic Puzzle (up to 4.3)
7
Quick Pick: Video Games Lost in Translation
8
Franchise by Action Figure
9
Who's on the WWE 2K24 Cover?
10
Genshin Impact Logic Puzzle Quiz
Explore More
Trending Topics
Kpop
Harry Potter
Crossword
NBA
Disney
Anime
Marvel
NFL
WWE
Soccer
Song
The Office
Pokémon
Puzzle
Country
hide this ad
More By:
gettysburg11
Quiz
Plays
Rating
Category
Featured
Created
Gettysburg Movie Actors
179
4.50
Movies
Jul 18, 2011
NationStates Nation Types
69
5.00
Gaming
Apr 13, 2011
K-League Teams
58
4.50
Sports
Aug 28, 2011
Top 4 Google Suggestions by Letter
57
1.50
Miscellaneous
Aug 22, 2011
GPQB Poll and All-State Player Schools
17
Miscellaneous
Jan 1, 2022
Go to Creator's Profile
Score Distribution
Quiz Creator Spotlight
gettysburg11
Follow
Send a Message
Quizzes Created
-
Created Quiz Play Count
-
More By This Creator
Popular Quizzes Today
1
Find the US States - No Outlines Minefield
2
Find the Countries of Europe - No Outlines Minefield
3
The Countries of the World
4
Find the US States
5
Risky Map Clicking: Biggest States A-Z
6
US States
7
Popular People in 1961
8
Movies - When Are They Set?
More Gaming Quizzes
DBZ Dokkan Battle: Transformation Boost Category
Quiz Lab
Trending Quizzes
Risky Map Clicking: Least Populous States A-Z
USA Borders Longest to Shortest
1-10 Letter G Words
1-10 Letter F Words
Countries of the World: 200 Million BC
Recently Updated
Leaping Animals
pecheneg
Reality TV Shows (A-Z)
bhenderson79
Rickey Henderson's Hall of Fame Teammates
pecheneg
Champions League XIs: Arsenal
pecheneg
Quick Pick: Celebrities in WWE's Hall of Fame
aduchscher
A-Z Keypad Blitz II
pecheneg
Multiple Oscar Actors
pecheneg
Mystery Phrase Blitz: Oscar 'Best Actors'
pecheneg
F. Scott Fitzgerald Novels
LTH
Pick 3 Villains
ddd62291
Trending Topics
Crossword
Harry Potter
Disney
Anime
NBA
Marvel
Kpop
Country
NFL
WWE
Pokémon
The Office
Soccer
Song
Puzzle
Your Account Isn't Verified!
In order to create a playlist on Sporcle, you need to verify the email address you used during registration. Go to your
Sporcle Settings
to finish the process.
Report this User
Report this user for behavior that violates our
Community Guidelines
.
Details:
Send Report
Go to the Sporcle.com Mobile Site →
Comments